000 00350nam a2200121Ia 4500
003 GCL
008 140319s9999 xx 000 0 ara d
040 _aGCL /
_cGCL
082 0 4 _a398.9
_bن م
245 1 0 _aالمختار من طرائف الامثال والاخبار
260 _a[S.N] :
_bدار الكتاب اللبنانى ،
_c1987
490 _a
999 _c59125
_d59125